MDQL
is popping MORE tags! Check the
thread
!
Quizzes
Events
Quiz Creation
Community
Videos
Private Events
Remove Ads
Sign In
Join for FREE
Feedback
Dark Mode
Quiz Categories
Sports
Geography
Music
Movies
Television
Just For Fun
Miscellaneous
History
Literature
Language
Science
Gaming
Entertainment
Religion
Holiday
For Kids
Quiz Lab
Recent
Popular Today
Quiz Kudos Today
Editor Picks
Curator Picks
Quizzes by...
Day
Popularity
Type
Ratings
Length
Year
Community
Subscriptions
Recent Discussions
Orange Saloon
Badges
Playlists
Quests
Create
Leaderboards
Showdown
Live 5
Trivia Bingo
Activity
Puzzle Library
Sporcle Events
Private Events
Virtual Trivia
Globe League
Become a Host
Pub Owners
SporcleCon
Opinionation
Our Games
Videos
Blog
Mobile Apps
Partnerships
Remove Ads and Go Orange
Feedback
Television
TV Characters
TV Show
Sitcom
Network
Friends
Reality Shows
Cast
South Park
Star Trek
The Simpsons
Doctor Who
Television
TV Characters
TV Show
Sitcom
Network
Friends
Reality Shows
Cast
South Park
Star Trek
The Simpsons
Doctor Who
Random Quiz
Search Sporcle
×
Quiz Lab
Quiz Lab
Television
Type in answers that appear in a list
Type in answers that appear in a list
Classic
Best Score? Go Orange.
Friends Tv Quiz Stats
Can you name the Friends Tv Quiz?
By
rozzabat
5m
14 Questions
381 Plays
381 Plays
381 Plays
Comments
Comments
Give Quiz Kudos
Give Quiz Kudos
-
- Ratings
hide this ad
Replay
Link that replays current quiz
Next Quiz
Link to next quiz in quiz playlist
You Got
0%
They Got
Avg Score
82%
Avg Friend Score
Upgrade to see
Score Distribution
Jump to the score distribution portion of the page
Score
0/14
Timer
05:00
0
Plays Today
Question
Answer
% Correct
Who briefly moves here?
Chandler
96.3%
Who gets married here?
Ross
96.1%
Who is pee'd on here?
Monica
95.8%
Who wants to move here?
Rachel
95.5%
Who grew up on the streets here?
Phoebe
95.5%
Who's family is originally from here?
Joey
94.2%
Who gets married here?
Rachel and Ross
94%
Question
Answer
% Correct
Who proposes to phoebe here?
Mike
93.7%
Who owns this place?
Gunther
92.9%
Who moves here for work reasons?
David
87.7%
Who is sent there after they wrong joey?
Chandler
87.4%
What is Joeys stuffed penguin called?
Hugsy
86.6%
Where Ross's manly 'what' is from?
Detergent
23.4%
Where joeys dad claimed he was when he?
Slept with another women
13.4%
Quiz Playlist
Details
Report
Send in Message
Add To Playlist
Classic:
Type in answers that appear in a list
Last Updated: Feb 16, 2017
Quiz Scoreboard
CHALLENGE
Sign Up to Join the Scoreboard
Show All
Scores
Hide
Comments
May contain spoilers
Recently Published
Colored Red Africa Blitz
by spor1
Geography
30s
Find the 'City' Movie
by crazypaving
Movies
60s
5x2 Blitz: Bands
by SL_Kpop136
Music
30s
More to Explore
Quiz From the Vault
Featured Blog Post
14 Easter Pick-up Lines to Find Eggs With
hide this ad
You Might Also Like...
Tags
This quiz does not have any tags.
Today's Top Quizzes in Television
Browse Television
hide this ad
Top Contributed Quizzes in Television
1
Survivor Journey Challenge
2
Survivor Logic Puzzle: Heroes vs. Villains
3
One Tree Hill Logic Puzzle
4
Phoebe Buffay Quotes
5
Game of Thrones: Tywin Lannister Start to Finish
6
Brooklyn Nine Nine Logic Puzzle (How-To-Play)
7
A Series of Unfortunate Events: Netflix Character Chain
8
All US Survivor Seasons in Order
9
Survivor: Criteria Castaways
10
A Series of Unfortunate Events: S3 Character Chain
Explore More
Trending Topics
Harry Potter
NBA
Kpop
Disney
Crossword
Marvel
Anime
NFL
Puzzle
WWE
Country
Song
Soccer
The Office
Pokémon
hide this ad
More By:
rozzabat
Quiz
Plays
Rating
Category
Featured
Created
Friends Tv Quiz
381
1.86
Television
Jan 30, 2013
Ross's nicknames (friends)
111
4.00
Television
Jul 16, 2013
Go to Creator's Profile
Score Distribution
Quiz Creator Spotlight
rozzabat
Follow
Send a Message
Quizzes Created
-
Created Quiz Play Count
-
More By This Creator
Popular Quizzes Today
1
Find the 'City' Movie
2
5x2 Blitz: Bands
3
Colored Red Africa Blitz
4
Find the US States - No Outlines Minefield
5
The Countries of the World
6
Find the US States
7
9x9 Crossword: Cartoon Network
8
US States
More Television Quizzes
Find the Spongebob Characters
Curator's Pick
Trending Quizzes
Colored Red Europe Blitz I
Colored Red Africa Blitz II
Colored Red Europe Blitz III
Colored Red Europe Blitz II
Colored Red Africa Blitz III
Recently Updated
Champions League XIs: Real Madrid
pecheneg
Largest US Cities 1790-2010
pecheneg
Rides in Walt Disney World
pecheneg
Most Oscar Losses (Acting)
pecheneg
Beyoncé Albums
pecheneg
Leaping Animals
pecheneg
Reality TV Shows (A-Z)
bhenderson79
Rickey Henderson's Hall of Fame Teammates
pecheneg
Champions League XIs: Arsenal
pecheneg
Quick Pick: Celebrities in WWE's Hall of Fame
aduchscher
Trending Topics
Kpop
Crossword
Anime
Disney
Marvel
Harry Potter
NBA
WWE
Song
Soccer
NFL
Country
The Office
Pokémon
Puzzle
Your Account Isn't Verified!
In order to create a playlist on Sporcle, you need to verify the email address you used during registration. Go to your
Sporcle Settings
to finish the process.
Report this User
Report this user for behavior that violates our
Community Guidelines
.
Details:
Send Report
Go to the Sporcle.com Mobile Site →
Comments